000 00417 a2200157 4500
003 OSt
005 20240112155317.0
008 240112b |||||||| |||| 00| 0 eng d
040 _coclc
082 _a297
_bPAN/V
100 _aPannur, E K M
_910272
245 _aVratham Islamil /
_cE K M Pannur
260 _aKerala:
_bKNM,
_c2013
300 _a72p
942 _2ddc
_cBK
_h297
_iPAN/V
_k297
_mPAN/V
999 _c43193
_d43193